| 000 | 00534nam a2200193Ia 4500 | ||
|---|---|---|---|
| 005 | 20250923144907.0 | ||
| 008 | 008 250917s9999 xx 000 0 eng d | ||
| 037 | _aTextual | ||
| 040 |
_aDSWL _beng _cDSWL |
||
| 041 |
_aeng _2eng |
||
| 084 | _qDSWL | ||
| 245 | 0 |
_aReport of the committees on distribution of Income and levels of living part I _cby Planning Commission |
|
| 260 |
_bGovt.of India Planning _c1964 |
||
| 300 | _a107p. | ||
| 365 |
_aINR _b3.30 |
||
| 925 | _g3.30 | ||
| 942 | _cTEXL | ||
| 999 |
_c1444673 _d1444673 |
||